000 00483nam a2200181Ia 4500
008 090123s9999 xx 000 0 und d
082 _b25159
100 _aयादव मारुती
245 _aआदर्श
250 _a0
260 _bमाधवी प्रकाशन
300 _a174
600 _aयादव मारुती
630 _aआदर्श
700 _aयादव मारुती
730 _aआदर्श
942 _cBOOK
999 _c63230
_d63230